MARC details
| 000 -CABECERA |
| campo de control de longitud fija |
01007nam a2200253 a 4500 |
| 005 - FECHA Y HORA DE LA ÚLTIMA TRANSACCIÓN |
| campo de control |
20230615063545.0 |
| 008 - ELEMENTOS DE LONGITUD FIJA--INFORMACIÓN GENERAL |
| campo de control de longitud fija |
020128s2001 r 000 0 eng d |
| 035 ## - NÚMERO DE CONTROL DEL SISTEMA |
| Número de control de sistema |
UPN01000115128 |
| 049 ## - COLECCIÓN |
| Colección |
TES |
| 099 ## - CLASIFICACIÓN LOCAL |
| Clasificación local |
18726 |
| 100 1# - ASIENTO PRINCIPAL--NOMBRE PERSONAL |
| Nombre de persona |
Ramírez Martínez, Graciela |
| 245 10 - MENCIÓN DE TÍTULO |
| Título |
Alternativa para mejorar la baja autoestima en el adolescente / |
| Mención de responsabilidad, etc. |
Graciela Ramírez Martínez. |
| 260 ## - PUBLICACIÓN, DISTRIBUCIÓN, ETC. |
| Lugar de publicación, distribución, etc. |
México : |
| Nombre del editor, distribuidor, etc. |
G. Ramírez Martínez, |
| Fecha de publicación, distribución, etc. |
2001. |
| 300 ## - DESCRIPCIÓN FÍSICA |
| Extensión |
170 h. |
| 500 ## - NOTA GENERAL |
| Nota general |
"Unidad 095" |
| 502 ## - NOTA DE TESIS |
| Nota de tesis |
Tesina (en su modalidad de recuperación de la experiencia profesional) (Lic. en Educación) -- Universidad Pedagógica Nacional, 2001 |
| 650 #4 - ASIENTO SECUNDARIO DE MATERIA - TERMINO TEMATICO |
| Término de materia o nombre geográfico como elemento de entrada |
Autoestima |
| 9 (RLIN) |
2906 |
| 650 #4 - ASIENTO SECUNDARIO DE MATERIA - TERMINO TEMATICO |
| Término de materia o nombre geográfico como elemento de entrada |
Dinámica de grupos |
| 9 (RLIN) |
6712 |
| 710 2# - ASIENTO SECUNDARIO - NOMBRE CORPORATIVO |
| Nombre de entidad corporativa o nombre de jurisdicción como elemento de entrada |
Universidad Pedagógica Nacional (México). |
| Unidad subordinada |
Unidad 095 |
| 9 (RLIN) |
28412 |
| 856 40 - LOCALIZACIÓN Y ACCESO ELECTRÓNICOS |
| Identificador Uniforme del Recurso |
<a href="http://200.23.113.51/pdf/18726.pdf">http://200.23.113.51/pdf/18726.pdf</a> |
| Nota pública |
ver el documento completo en formato PDF |
| 856 40 - LOCALIZACIÓN Y ACCESO ELECTRÓNICOS |
| Identificador Uniforme del Recurso |
<a href="http://200.23.113.51/pdf/rp500esp.exe">http://200.23.113.51/pdf/rp500esp.exe</a> |
| Nota pública |
descargar el programa ACROBAT READER |
| 902 ## - ELEMENTOS DE DATOS B LOCAL, LDB (RLIN) |
| Creó |
/rng |
| 905 ## - TIPO DE MATERIAL |
| Tipo de material |
Tesis |